| 000 | 02205cam a22004574i 4500 | ||
|---|---|---|---|
| 003 | PE-LiUPU | ||
| 005 | 20250731172727.0 | ||
| 008 | 150617s r 000 0 d | ||
| 035 | _a(Sirsi) a11361 | ||
| 040 |
_aPE-LiUPU _bspa _cPE-LiUPU _erda |
||
| 049 | _aPRUA | ||
| 082 | 0 | 4 |
_a220.9 _bP26 _221 |
| 100 | 1 |
_aParrot, André, _eautor. |
|
| 245 | 1 | 0 |
_aSamarie : _bCapitale du Royaume D'Israël / _cAndré Parrot. |
| 264 | 1 |
_aParís : _bDelachaux Niestlé, _c1955. |
|
| 300 |
_a116 páginas ; _c21 cm. |
||
| 336 |
_atext _2rdacontent |
||
| 337 |
_aunmediated _2rdamedia |
||
| 338 |
_avolume _2rdacarrier |
||
| 505 | 0 | _aLa royaume d'Israel: Avant la fondation de Samaire -- Samaire capitale d'Israël -- Omri et Achab -- La scène du Carmel -- Achab à la guerre -- La fin de la maison d'Achab -- Le coup d'Etat de Jèhu -- La dynastie de Jèhu -- Jéroboam II -- Décadence et ruine d'Israël -- La prise de Samarie -- Samarie israélite à la lumière de l'archaèologie: Los fouilles -- Les enceintes -- Les palais -- Les ivoires -- Les osstraca -- La céramique -- L'outllage -- Samaire aux périodes assyrieme, babylonienne et hellénistique: La colonisation assyrienne -- La réforme de Josias en Samarie -- La ruine de Jérusalem -- Le retour de l'Exil -- Samaritains et Judéens -- Samarie à l'èpoque romaine. La Sèbastè d'Hérode le Grand -- Samarie et les souvenirs de Jean-Baptiste, eglises vouées à Jean-Baptiste. | |
| 526 | _aSEG42 | ||
| 526 | _aSEG41 | ||
| 526 | _aSEG40 | ||
| 526 | _aSEG39 | ||
| 526 | _aP94 | ||
| 526 | _aP87 | ||
| 526 | _aP86 | ||
| 526 | _aP85 | ||
| 526 | _aP77 | ||
| 526 | _aP76 | ||
| 526 | _aP35 | ||
| 650 | 0 | 4 | _aARQUEOLOGIA BIBLICA (SAMARIA). |
| 651 |
_aSAMARIA _xARQUEOLOGIA. |
||
| 910 |
_ajck _bjvq _cjck _d20150616 |
||
| 942 |
_2ddc _cBOOK |
||
| 949 |
_a220.9 P26 _wDEWEY _c1 _i54339 _lCCODEBUL1 _mBUL _p00.00 _r0 _sY _tBOOK _u19930825 _xTEOLOGIA _PP35 _0COMPRA _o.STAFF. Colección General |
||
| 994 |
_aC0 _bPEPRU |
||
| 596 | _a1 | ||
| 999 |
_a220.9 P26 _wDEWEY _c1504 _i54339 _f2021-11-9 _g5 _lCCODEBUL1 _mBUL _r0 _sY _tBOOK _u2015-6-17 _xTEOLOGIA _PP35 _0COMPRA _o.STAFF. Colección General _d1504 |
||
| 980 |
_81 _gALBERTO SANCHEZ Responsable de Automatización |
||